MODEL PROGRAMS IN CHILD & FAMILY MENTAL HEALTH (Record no. 519209)

MARC details
000 -LEADER
fixed length control field 00397pam a2200157a 44500
008 - FIXED-LENGTH DATA ELEMENTS--GENERAL INFORMATION
fixed length control field 230515b1996 xxu||||| |||| 00| 0 eng d
020 ## - INTERNATIONAL STANDARD BOOK NUMBER
International Standard Book Number NULL
041 ## - LANGUAGE CODE
Language code of text/sound track or separate title ENGLISH
082 ## - DEWEY DECIMAL CLASSIFICATION NUMBER
Classification number 362.2083
100 ## - MAIN ENTRY--PERSONAL NAME
Personal name ROBERTS M.C.
245 ## - TITLE STATEMENT
Title MODEL PROGRAMS IN CHILD & FAMILY MENTAL HEALTH
250 ## - EDITION STATEMENT
Edition statement NULL
260 ## - PUBLICATION, DISTRIBUTION, ETC.
Place of publication, distribution, etc. NEW JERSEY
Name of publisher, distributor, etc. LEA AND FEBIGER PHILADELPHIA
Date of publication, distribution, etc. 1996
300 ## - PHYSICAL DESCRIPTION
Extent 422
650 ## - SUBJECT ADDED ENTRY--TOPICAL TERM
Topical term or geographic name entry element NULL

No items available.